Southville International School and Colleges
Your cart is empty.
  • Cart
  • Lists
    Public lists Eva Luna New books Lux_list list_1
    Your lists Log in to create your own lists
  • Log in to your account
  • Your cookies
  • Search history
Southville International School and Colleges
  • Advanced search
  • Recent comments
  • Most popular
  • Libraries

Log in to your account

Log in with GOOGLE


If you do not have an external account, but do have a local account, you can still log in:

  1. Home
  2. MARC view: Captain LeVrier believes in miracles.
Normal view MARC view ISBD view

Captain LeVrier believes in miracles. (Record no. 276696)

[ view plain ]
MARC details
000 -LEADER
fixed length control field 00722cam a2200253 4500
001 - CONTROL NUMBER
control field 2673110
005 - DATE AND TIME OF LATEST TRANSACTION
control field 20141103120932.0
008 - FIXED-LENGTH DATA ELEMENTS--GENERAL INFORMATION
fixed length control field 730803s1973 mnu 000 0beng
010 ## - LIBRARY OF CONGRESS CONTROL NUMBER
LC control number 73166127
020 ## - INTERNATIONAL STANDARD BOOK NUMBER
International Standard Book Number 0871230771
040 ## - CATALOGING SOURCE
Original cataloging agency DLC
Transcribing agency DLC
Modifying agency DLC
050 00 - LIBRARY OF CONGRESS CALL NUMBER
Classification number RC 263
Item number .K83 1973
100 1# - MAIN ENTRY--PERSONAL NAME
Personal name Kuhlman, Kathryn.
245 10 - TITLE STATEMENT
Title Captain LeVrier believes in miracles.
Statement of responsibility, etc Kathryn Kuhlman.
260 ## - PUBLICATION, DISTRIBUTION, ETC. (IMPRINT)
Place of publication, distribution, etc Minneapolis :
Name of publisher, distributor, etc Bethany Fellowship,
Date of publication, distribution, etc 1973.
300 ## - PHYSICAL DESCRIPTION
Extent 87 pages
Dimensions 18 cm.
350 ## - PRICE (NR) (BK AM CF MU VM SE) [OBSOLETE]
Price $0.95
490 0# - SERIES STATEMENT
Series statement Dimension books
600 10 - SUBJECT ADDED ENTRY--PERSONAL NAME
Personal name LeVrier, John.
650 #0 - SUBJECT ADDED ENTRY--TOPICAL TERM
Topical term or geographic name as entry element Cancer
General subdivision Patients
-- Biography.
650 #0 - SUBJECT ADDED ENTRY--TOPICAL TERM
Topical term or geographic name as entry element Spiritual healing.
906 ## - LOCAL DATA ELEMENT F, LDF (RLIN)
a 7
b cbc
c orignew
d 2
e ncip
f 19
g y-gencatlg
942 ## - ADDED ENTRY ELEMENTS (KOHA)
Source of classification or shelving scheme Library of Congress Classification
Koha item type Books
Holdings
Withdrawn status Lost status Source of classification or shelving scheme Damaged status Home library Current library Shelving location Date acquired Source of acquisition Total Checkouts Full call number Barcode Date last seen Price effective from Koha item type
    Library of Congress Classification   Archives Archives   11/03/2014 Donation   RC 263 .K96 1973 C1973 05/15/2018 11/03/2014 Books

Captain LeVrier believes in miracles.

APA

Kuhlman K., . (1973). Captain LeVrier believes in miracles. Minneapolis: Bethany Fellowship.

Chicago

Kuhlman Kathryn, . 1973. Captain LeVrier believes in miracles. Minneapolis: Bethany Fellowship.

Harvard

Kuhlman K., . (1973). Captain LeVrier believes in miracles. Minneapolis: Bethany Fellowship.

MLA

Kuhlman Kathryn, . Captain LeVrier believes in miracles. Minneapolis: Bethany Fellowship. 1973.

  • Place hold
  • Print
  • Cite
  • Add to your cart (remove)
  • Save record
    BIBTEX Dublin Core MARCXML MARC (non-Unicode/MARC-8) MARC (Unicode/UTF-8) MARC (Unicode/UTF-8, Standard) MODS (XML) RIS
  • More searches
    Search for this title in:
    Other Libraries (WorldCat) Other Databases (Google Scholar) Online Stores (Bookfinder.com) Open Library (openlibrary.org)

Exporting to Dublin Core...

SOUTHVILLE LIBRARY

Southville International School and Colleges Library

1281 Tropical Ave. Cor. Luxembourg St., BF Homes International, Las Pinas City

Tel. No. 8256374 / 252358 Loc. 117/146

Powered by Koha